000 00669nam a2200229Ia 4500
003 OSt
005 20220926011928.0
006 a|||||r|||| 00| 0
007 ta
008 220923b |||||||| |||| 00| 0 eng d
037 _cGeneral Book
040 _aRTL
_cRTL
_beng
041 _2eng
_aeng
082 _aX:87:(D6,9(B), K8
100 _aGreenwood Frank
_9315245
245 0 _aManaging the systems analysis function
260 _aNew York
_bAmerican Management Association U. S. A.
_c1968
300 _axi, 137p.
_ccm.
650 _aExecutive Management
942 _hX:87:(D6,9(B), K8
_cGB
_2CC
999 _c621294
_d621294